000 00406nam a2200145Ia 4500
008 231129s1987||||xx |||||||||||||| ||spa||
020 _a958-9144-11-X
040 _bspa
082 _aCo861 M516h
100 _aMejia Mejia Fernando
245 0 _aLa heredad y el exilio : Seleccion poetica
260 _c1987
264 _aFondo Cultural Cafetero
942 _2ddc
_cBKS
999 _c17288
_d17288